[Event "South Wales Summer op"]
[Site "Newport"]
[Date "2015.08.31"]
[Round "5"]
[White "Thomas, Roy"]
[Black "MacNeil, Elliott"]
[Result "1-0"]
[WhiteElo "1734"]
[BlackElo "1655"]
[PlyCount "29"]
[EventDate "2015.08.28"]
[EventType "swiss"]
[EventRounds "6"]
[EventCountry "WLS"]
[SourceTitle "EXT 2018"]
[Source "ChessBase"]
[SourceDate "2017.10.13"]
[SourceVersion "1"]
[SourceVersionDate "2017.10.13"]
[SourceQuality "1"]

1. f4 d5 2. e3 Nf6 3. Nf3 Bg4 4. Be2 e6 5. 0-0 Nbd7 6. Ne5 Nxe5 7. fxe5 Bxe2 8. Qxe2 Ne4 9. Qb5+ Ke7 10. Qxb7 Qc8 11. Qc6 h5 12. d3 Ng5 13. e4 f6 14. exd5 exd5 15. exf6+ 1-0

[Event "South Wales Autumn op"]
[Site "Wales"]
[Date "2014.10.11"]
[Round "2"]
[White "May, Adam John"]
[Black "MacNeil, Elliott"]
[Result "1-0"]
[WhiteElo "1882"]
[BlackElo "1655"]
[PlyCount "55"]
[EventDate "2014.10.10"]
[EventType "swiss"]
[EventRounds "5"]
[EventCountry "WLS"]
[SourceTitle "EXT 2016"]
[Source "ChessBase"]
[SourceDate "2015.10.08"]
[SourceVersion "1"]
[SourceVersionDate "2015.10.08"]
[SourceQuality "1"]

1. c4 Nf6 2. g3 c5 3. Bg2 Nc6 4. Nf3 e6 5. 0-0 Be7 6. b3 d5 7. e3 d4 8. exd4 cxd4 9. Re1 0-0 10. d3 h6 11. a3 a5 12. Ne5 Nxe5 13. Rxe5 Bd6 14. Rb5 Qc7 15. Bb2 e5 16. b4 axb4 17. axb4 Rxa1 18. Bxa1 b6 19. c5 bxc5 20. bxc5 Bxc5 21. Nd2 Bd7 22. Rb7 Qd6 23. Nc4 Qe6 24. Qb3 Re8 25. Rb8 Bd6 26. Rb6 Qg4 27. Nxd6 Ra8 28. Bxa8 1-0